00667nam a2200229 a 4500001001300000003000900013005001700022008004100039020002300080082001900103100002000122245006700142260003900209300000900248500003500257505003200292650001900324650002500343650002000368650002900388700002000417nice12345678IN_TiNIC20260116012733.0050524s1987 newa grp 000 0 eng  a8185425 c20000a324.20954bMUS aMushirul, Hasan aNationalist Conscienceb M.A. Ansari the Congress and the Raj. aNew DelhibManohar Publisherc1987 a277p aincludes index and biblioraphy2 aAppendices, Biblio., Index. aIndia-Politics aAnsari-Mukhtar Ahmad aPan Islam-India aIndian-National Congress1 aMushirul, Hasan